Online
Catalog

Tres días de julio (18, 19 y 20 de 1936) / (Record no. 994)

MARC details
000 -CABECERA
campo de control de longitud fija 00562cam a2200181 a 4500
001 - NÚMERO DE CONTROL
campo de control 000001015
005 - FECHA Y HORA DE LA ÚLTIMA TRANSACCIÓN
campo de control 20200929145451.0
008 - DATOS DE LONGITUD FIJA--INFORMACIÓN GENERAL
campo de control de longitud fija 740822s1968 sp a 000 0 spa
040 ## - FUENTE DE LA CATALOGACIÓN
Centro catalogador/agencia de origen DO-SdBNP
Lengua de catalogación spa
Centro/agencia transcriptor BNPHU
082 ## - NÚMERO DE LA CLASIFICACIÓN DECIMAL DEWEY
Número de clasificación 946.081
Número de documento/Ítem R763t, 1968
100 1# - ENTRADA PRINCIPAL--NOMBRE DE PERSONA
Nombre de persona Romero, Luis
9 (RLIN) 3529
245 10 - MENCIÓN DE TÍTULO
Título Tres días de julio (18, 19 y 20 de 1936) /
Mención de responsabilidad, etc. Luis Romero.
250 ## - MENCIÓN DE EDICIÓN
Mención de edición 2a ed. corr.
260 ## - PUBLICACIÓN, DISTRIBUCIÓN, ETC.
Lugar de publicación, distribución, etc. Barcelona :
Nombre del editor, distribuidor, etc. Ariel,
Fecha de publicación, distribución, etc. 1968.
300 ## - DESCRIPCIÓN FÍSICA
Extensión xxxvi, 639 p. :
Otras características físicas il. ;
Dimensiones 23 cm.
440 #0 - MENCIÓN DE SERIE/PUNTO DE ACCESO ADICIONAL--TÍTULO
Título Horas de España
9 (RLIN) 3530
651 #0 - PUNTO DE ACCESO ADICIONAL DE MATERIA--NOMBRE GEOGRÁFICO
Nombre geográfico España
Subdivisión general Historia
Subdivisión cronológica GUERRA CIVIL, 1936-1939.
9 (RLIN) 3531
Holdings
Estado de retiro Estado de pérdida Restricciones de uso No para préstamo Código de colección Localización permanente Ubicación/localización actual Ubicación en estantería Fecha de adquisición Número de inventario Total de préstamos Signatura topográfica completa Código de barras Fecha visto por última vez Precio válido a partir de Tipo de ítem Koha Número de copia
    Préstamo interno Préstamo en sala Dominicana de Servicio Biblioteca Nacional Pedro Henríquez Ureña Biblioteca Nacional Pedro Henríquez Ureña Depósito 25.06.2009 LF1   946.081 R763t, 1968 1015-10 25.06.2020 25.06.2020 Libros y folletos  
    Préstamo restringido Préstamo en sala Dominicana de Servicio Biblioteca Nacional Pedro Henríquez Ureña Biblioteca Nacional Pedro Henríquez Ureña Depósito 19.10.2009 LF1   946.081 R763t, 1968 1015-20 25.06.2020 25.06.2020 Libros y folletos e. 2

Powered by Koha